000
00332nam a22001457a 4500
008
240205b ||||| |||| 00| 0 eng d
020
_a
9780316424776
041
_a
eng
080
_2
FIRST EDITION 2003
_a
37
082
_a
37CLA
100
_a
22.2
101
_a
EDUKIM
245
_a
THE ESSENTIAL 55
_c
RON CLARK
942
_2
udc
_c
BK
999
_c
60579
_d
60579